000
00321nam a22001457a 4500
003
SGT
020
_a
978-93-5161-011-3
082
_a
658.403
_b
KAP
100
_a
KAPOOR, V.K.
245
_a
OPERATIONS RESEARCH
260
_a
INDIA
_b
S.CHAND
_c
2025
300
_a
16.22
650
_a
OPERATIONS RESEARCH
942
_2
ddc
_c
BK
999
_c
31193
_d
31193